000 00355nab a2200133Ia 4500
003 ES-SlBCS
005 20210601131730.0
008 140529s1950 xxu||||| |||| 00| 0 fre d
041 _afre
100 1 _aSerrand, A.-Z.
_917528
245 0 0 _aAzimuths
_c A.-Z. Serrand
773 0 _tVie Intelectuelle (La)
_gnº. 4, 1950, págs. 483-486
_wRev907
942 _cAR
999 _c567834
_d567834